Catalog

Record Details

Catalog Search



Hry pro výchovu k odpovědnosti a sebedůvěře  Cover Image Book Book

Hry pro výchovu k odpovědnosti a sebedůvěře / Jack Canfield, Frank Siccone ; [z angličtiny přeložila Zdena Dostálová]

Record details

  • ISBN: 80-7178-194-0
  • Physical Description: 384 s. ; 24 cm
  • Edition: Vyd. 1.
  • Publisher: Praha : Portál, 1998
Subject: vyučovací metody
didaktické hry
sebevědomí > rozvoj
výchova
Genre: příručky

Available copies

  • 1 of 1 copy available at Common Catalog SPOK.

Holds

  • 0 current holds with 1 total copy.
Show Only Available Copies
Location Call Number / Copy Notes Barcode Shelving Location Status Due Date
Jabok Library Ped-9.2/C 424480001368 Odborná literatura Available -

LDR 01306nam a2200385 a 4500
0014080
003CZ-PrJAB
00520160323173447.0
007tu
008980513s1998 xr e 000 0 cze
015 . ‡acnb000301883
020 . ‡a80-7178-194-0 ‡q(brož.) : ‡cKč 295,00
035 . ‡a(CZ PrNK)cpk19980301883
035 . ‡a(OCoLC)39586325
040 . ‡aABA001 ‡bcze
0411 . ‡acze ‡heng
072 7. ‡a371 ‡xŠkolství (organizace) ‡2Konspekt ‡922
080 . ‡a371.3 ‡2undef
080 . ‡a159.92 ‡2undef
080 . ‡a37.03 ‡2undef
1001 . ‡aCanfield, Jack, ‡d1944- ‡7jn20000601120 ‡4aut
24510. ‡aHry pro výchovu k odpovědnosti a sebedůvěře / ‡cJack Canfield, Frank Siccone ; [z angličtiny přeložila Zdena Dostálová]
250 . ‡aVyd. 1.
260 . ‡aPraha : ‡bPortál, ‡c1998
300 . ‡a384 s. ; ‡c24 cm
65007. ‡avyučovací metody ‡7ph127294 ‡2czenas
65007. ‡adidaktické hry ‡7ph119432 ‡2czenas
65007. ‡asebevědomí ‡7ph125455 ‡xrozvoj ‡2czenas
65007. ‡avýchova ‡7ph127418 ‡2czenas
655 7. ‡apříručky ‡7fd133209 ‡2czenas
7001 . ‡aDostálová, Zdeňka ‡7jx20051121016 ‡4trl
7001 . ‡aSiccone, Frank, ‡d1948- ‡7xx0110726 ‡4aut
7650 . ‡t101 ways to develop student self-esteem ‡9Česky
910 . ‡aABG312
901 . ‡a4080 ‡bUnknown ‡c4080 ‡tbiblio

Additional Resources